| 000 | 00721nam a22002537a 4500 | ||
|---|---|---|---|
| 001 | 45768 | ||
| 003 | UA-OsUOA | ||
| 005 | 20211215125151.0 | ||
| 007 | ta | ||
| 008 | 20070514b un ||||| |||| 00| 0 ukr d | ||
| 020 | _a9660007345 | ||
| 040 |
_aUA-OsUOA _bukr _cUA-OsUOA _dUA-OsUOA |
||
| 041 | _aukr | ||
| 080 | _a(031)94(477) | ||
| 090 |
_a(031)94(477) _bЕ64 |
||
| 245 | _aЕнциклопедія історії України в 5 томах | ||
| 260 |
_aК. _bНаукова думка _c2003 |
||
| 300 | _a688 с. | ||
| 505 |
_gТ. 1 _tА – В |
||
| 650 | 7 |
_a0 Загальний відділ. _2UDC |
|
| 942 |
_cBK _2udc |
||
| 955 | _a7 | ||
| 999 |
_c331863 _d331863 |
||